Football : Les meilleurs buteurs du Real en LDC au 21ème siècle - Statistiques

Statistiques générales
  • Ce quiz a été pris 142 fois
  • Le résultat moyen est 7 sur 10
Statistiques - réponses
Buts Pays Joueur % Correct
105 Portugal Cristiano Ronaldo
100%
78 France Karim Benzema
100%
16 Pays de Galles Gareth Bale
99%
66 Espagne Raul
90%
29 Brésil Vinicius Junior
90%
25 Brésil Rodrygo
77%
16 Portugal Luis Figo
69%
16 Brésil Roberto Carlos
29%
17 Espagne Fernando Morientes
25%
16 Espagne Guti
18%
Aucun quiz correspondant
Distribution des résultats
% des personnes avec chaque résultat
Percentile par nombre de réponses
Votre historique - résultats
Vous n’avez pas pris ce quiz